Vladimír Segeš / Remeslá a cechy v starom Prešporku

Bibliographic Details
Main Author: Apfel, Viliam, 1940-2024 (Author)
Format: Article
Language:Slovak
ISSN:1335-7786
Subjects:

MARC

LEADER 00000nab a2200000 a 4500
001 vtls010472322
003 SK-MaSNL
005 20260304155733.0
008 250507c2012 xo ||||||||||||00 b|slo
015 |a SNBRB2012/11  |2 snkbucl 
035 |a (uuid)f4bdeb4d-623e-4b21-b6ae-7ed77ce20c5d 
035 |a urn:nbn:sk:snk-abevcz 
035 |a (urnnbn)urn:nbn:sk:snk:ar-000jrr 
038 |a SNKBUCL 
040 |a SNKBUCL  |b slo  |c SNKBUCL  |e AACR2 
041 0 |a slo 
044 |a xo  |c SK 
080 |a 67/68  |2 2001 
080 |a 334.782  |2 2001 
080 |a (437.6)  |2 2001 
100 1 |a Apfel, Viliam,  |d 1940-2024  |4 aut  |9 93648 
245 1 0 |a Vladimír Segeš / Remeslá a cechy v starom Prešporku  |c Viliam Apfel 
500 |a Na dokumente uvedený nesprávny ročník (IV.+127.) 
500 |a V rubrike Sedem viet o siedmich knihách 
600 1 7 |a Segeš, Vladimír,  |d 1950-  |t Remeslá a cechy v starom Prešporku  |2 snkbucl  |9 1481722 
740 0 2 |a Remeslá a cechy v starom Prešporku 
773 0 |t Slovenské pohľady  |g Roč. IV.+128., č. 5 (2012), s. 114-116  |x 1335-7786 
850 |a Slovenská národná knižnica 
852 |a Slovenská národná knižnica 
958 |a article27 
958 |a SK 
958 |a OND 
958 |a EUIPO 
999 |c 2963968  |d 2965898